| 000 -LEADER |
| fixed length control field |
01276nam a22001817a 4500 |
| 003 - CONTROL NUMBER IDENTIFIER |
| control field |
OSt |
| 005 - DATE AND TIME OF LATEST TRANSACTION |
| control field |
20250225144233.0 |
| 008 - FIXED-LENGTH DATA ELEMENTS--GENERAL INFORMATION |
| fixed length control field |
250225b ||||| |||| 00| 0 eng d |
| 020 ## - INTERNATIONAL STANDARD BOOK NUMBER |
| International Standard Book Number |
9780007325238 |
| 040 ## - CATALOGING SOURCE |
| Transcribing agency |
KH8 |
| 082 ## - DEWEY DECIMAL CLASSIFICATION NUMBER |
| Classification number |
822.33 BRY |
| 100 ## - MAIN ENTRY--PERSONAL NAME |
| Personal name |
Bryson, Bill, |
| Relator term |
author. |
| 245 ## - TITLE STATEMENT |
| Title |
Shakespeare : |
| Remainder of title |
the illustrated edition / |
| Statement of responsibility, etc. |
Bill Bryson. |
| 260 ## - PUBLICATION, DISTRIBUTION, ETC. |
| Place of publication, distribution, etc. |
London ; |
| Name of publisher, distributor, etc. |
Harper Press, |
| Date of publication, distribution, etc. |
2009. |
| 300 ## - PHYSICAL DESCRIPTION |
| Extent |
256 pages : |
| Other physical details |
color illustrations ; |
| Dimensions |
23 cm + |
| Accompanying material |
CD- ROM. |
| 520 ## - SUMMARY, ETC. |
| Summary, etc. |
Bill Bryson’s bestselling biography of William Shakespeare takes the reader on an enthralling tour through Elizabethan England and the eccentricities of Shakespearean scholarship—updated with a new introduction by the author to commemorate the 400th anniversary of Shakespeare’s death<br/><br/>William Shakespeare, the most celebrated poet in the English language, left behind nearly a million words of text, but his biography has long been a thicket of wild supposition arranged around scant facts. With a steady hand and his trademark wit, Bill Bryson sorts through this colorful muddle to reveal the man himself. His Shakespeare is like no one else's—the beneficiary of Bryson's genial nature, his engaging skepticism, and a gift for storytelling unrivaled in our time.<br/><br/> |
| 942 ## - ADDED ENTRY ELEMENTS (KOHA) |
| Source of classification or shelving scheme |
|
| Koha item type |
Books - Non Ficton |